000 00625nam a2200265Ia 4500
005 20260121171125.0
008 008 260114s9999 xx 000 0 eng d
020 _a9781137516916
037 _aEBOOK
040 _aCRL
040 _beng
040 _cCRL
041 _2eng
041 _aeng
084 _qCRL
100 _aCecilia Leong-Salobir
_91072314
245 0 _aUrban Food Culture
260 _bSpringer
260 _bSpringer
260 _c2019
856 _uhttps://link.springer.com/openurl?genre=book&isbn=978-1-137-51691-6
942 _cEBOOK
999 _c1638044
_d1638044